Normal view
MARC view
Entry Topical Term
001 - CONTROL NUMBER
- control field: 47678
003 - CONTROL NUMBER IDENTIFIER
- control field:
005 - DATE AND TIME OF LATEST TRANSACTION
- control field: 20240425152402.0
008 - FIXED-LENGTH DATA ELEMENTS
- fixed length control field: 240425|| aca||aabn | a|a d
040 ## - CATALOGING SOURCE
- Original cataloging agency:
- Transcribing agency:
150 ## - HEADING--TOPICAL TERM
- Topical term or geographic name entry element: Automobiles
- Form subdivision: Maintainance and repair
670 ## - SOURCE DATA FOUND
- Source citation: Work cat.: ()26013: HEITNER, Joseph aut 47676, Automotive mechanics, 2004
